<?xml version="1.0" encoding="UTF-8"?>
<record
    xmlns:xsi="http://www.w3.org/2001/XMLSchema-instance"
    xsi:schemaLocation="http://www.loc.gov/MARC21/slim http://www.loc.gov/standards/marcxml/schema/MARC21slim.xsd"
    xmlns="http://www.loc.gov/MARC21/slim">

  <leader>00558nam a22001457a 4500</leader>
  <controlfield tag="008">090316t        xxu||||| |||| 00| 0 eng d</controlfield>
  <datafield tag="050" ind1=" " ind2=" ">
    <subfield code="a">BX4827.N5</subfield>
    <subfield code="b">L42 1991</subfield>
  </datafield>
  <datafield tag="245" ind1=" " ind2=" ">
    <subfield code="a">The legacy of H. Richard Neibuhr</subfield>
    <subfield code="c">Ronal F. Thiemann</subfield>
  </datafield>
  <datafield tag="260" ind1=" " ind2=" ">
    <subfield code="a">Minneapolis</subfield>
    <subfield code="b">Fortress press</subfield>
    <subfield code="c">1994</subfield>
  </datafield>
  <datafield tag="300" ind1=" " ind2=" ">
    <subfield code="a">ix,148 p.;</subfield>
    <subfield code="c">22cm.</subfield>
  </datafield>
  <datafield tag="650" ind1=" " ind2=" ">
    <subfield code="2">Niebhur, H. Richard (Helmult Ricard), 1994-1962</subfield>
    <subfield code="a">Congresses</subfield>
  </datafield>
  <datafield tag="700" ind1=" " ind2=" ">
    <subfield code="a">Thiemann, Ronal F. </subfield>
  </datafield>
  <datafield tag="942" ind1=" " ind2=" ">
    <subfield code="2">lcc</subfield>
    <subfield code="c">BK</subfield>
  </datafield>
  <datafield tag="999" ind1=" " ind2=" ">
    <subfield code="c">33915</subfield>
    <subfield code="d">33915</subfield>
  </datafield>
  <datafield tag="952" ind1=" " ind2=" ">
    <subfield code="0">0</subfield>
    <subfield code="1">0</subfield>
    <subfield code="2">lcc</subfield>
    <subfield code="4">0</subfield>
    <subfield code="7">0</subfield>
    <subfield code="8">NFIC</subfield>
    <subfield code="a">BOM</subfield>
    <subfield code="b">BOM</subfield>
    <subfield code="c">GEN</subfield>
    <subfield code="d">2009-03-16</subfield>
    <subfield code="l">0</subfield>
    <subfield code="o">BX4827.N5 L42 1991</subfield>
    <subfield code="p">003038</subfield>
    <subfield code="w">2009-03-16</subfield>
    <subfield code="y">BK</subfield>
  </datafield>
</record>
